[Event "18sen.Bay.EM2006 Schney op"]
[Site "Schloss Schney (25.6.-3.7)"]
[Date "2006.06.29"]
[Round "5.5"]
[White "Rost van Tonningen, Otto"]
[Black "Wimmer, Herbert"]
[Result "0-1"]
[WhiteElo "1958"]
[BlackElo "2114"]
[PlyCount "40"]
[EventDate "2006.07.??"]
[Source "Ganslmayer"]
[SourceDate "2012.12.20"]

1. Nc3 d5 2. e4 dxe4 3. Nxe4 Nc6 4. Nf3 Bg4 5. Be2 e6 6. O-O Nf6 7. Nxf6+ Qxf6
8. c3 Bd6 9. d4 h6 10. Be3 O-O-O 11. b4 Ne7 12. Qb3 Nf5 13. h3 Bh5 14. g4 Nh4
15. Nxh4 Qxh4 16. Kg2 Bg6 17. f4 h5 18. Rh1 hxg4 19. Bxg4 Be4+ 20. Bf3 Bf5 0-1

[Event "18sen.Bay.EM2006 Schney op"]
[Site "Schloss Schney (25.6.-3.7)"]
[Date "2006.06.29"]
[Round "5.6"]
[White "Romanow, Werner"]
[Black "Schulz, Wolfgang(32)"]
[Result "1/2-1/2"]
[WhiteElo "1966"]
[BlackElo "2035"]
[PlyCount "55"]
[EventDate "2006.07.??"]
[Source "Ganslmayer"]
[SourceDate "2012.12.20"]

1. c4 e5 2. Nc3 Nf6 3. g3 d5 4. cxd5 Nxd5 5. Bg2 Ne7 6. Nf3 Nbc6 7. O-O g6 8.
d3 Bg7 9. Bg5 h6 10. Bd2 O-O 11. Rc1 Be6 12. b3 Qd7 13. Re1 Rad8 14. Ne4 b6 15.
Bxh6 f6 16. Bxg7 Kxg7 17. Qd2 Bg4 18. Qc3 Rc8 19. Ned2 Nd4 20. Nxd4 exd4 21.
Qb2 c5 22. Nf1 Nd5 23. e4 dxe3 24. Nxe3 Nb4 25. Nxg4 Qxg4 26. Re7+ Rf7 27.
Rxf7+ Kxf7 28. Qd2 1/2-1/2

[Event "18sen.Bay.EM2006 Schney op"]
[Site "Schloss Schney (25.6.-3.7)"]
[Date "2006.06.29"]
[Round "5.7"]
[White "Walther, Diethelm"]
[Black "Anliker, Peter"]
[Result "1/2-1/2"]
[WhiteElo "2036"]
[BlackElo "1947"]
[PlyCount "33"]
[EventDate "2006.07.??"]
[Source "Ganslmayer"]
[SourceDate "2012.12.20"]

1. d4 Nf6 2. Bg5 d6 3. Nc3 Nbd7 4. e4 c6 5. Bc4 h6 6. Bh4 Qc7 7. f4 e5 8. fxe5
dxe5 9. Bxf6 Nxf6 10. Nf3 Bg4 11. dxe5 Rd8 12. Qe2 Bxf3 13. Qxf3 Qxe5 14. Rd1
Rxd1+ 15. Kxd1 Bb4 16. Re1 O-O 17. Kc1 1/2-1/2

[Event "18sen.Bay.EM2006 Schney op"]
[Site "Schloss Schney (25.6.-3.7)"]
[Date "2006.06.29"]
[Round "5.8"]
[White "Kahn, Peter"]
[Black "Kunath, Werner"]
[Result "1-0"]
[WhiteElo "2023"]
[BlackElo "1896"]
[PlyCount "121"]
[EventDate "2006.07.??"]
[Source "Ganslmayer"]
[SourceDate "2012.12.20"]

1. e4 c6 2. c4 d5 3. exd5 cxd5 4. d4 Nc6 5. Nc3 Nf6 6. Nf3 Bg4 7. Be2 e6 8. Be3
Bb4 9. O-O dxc4 10. Bxc4 O-O 11. Be2 Nd5 12. Rc1 Qa5 13. Qb3 Rfc8 14. Nxd5 exd5
15. h3 Be6 16. a3 Bd6 17. Qd3 g6 18. Rc3 a6 19. Rfc1 Qd8 20. b4 Ne7 21. Bg5
Rxc3 22. Rxc3 Kg7 23. Qd2 f6 24. Bh6+ Kg8 25. Bd3 Rc8 26. Rxc8 Qxc8 27. Bf4 Qc7
28. Bxd6 Qxd6 29. Qc1 Kg7 30. Qc5 Qd8 31. Qc3 Qc8 32. Qxc8 Nxc8 33. Nd2 Nd6 34.
Nb3 Bc8 35. Nc5 b5 36. a4 bxa4 37. Nxa4 Nf5 38. Bxf5 Bxf5 39. Nc5 Bc8 40. Kf1
Kf7 41. Ke1 Ke7 42. Kd2 Kd6 43. Kc3 Kc6 44. Kb3 Kb5 45. Na4 Bf5 46. Nc3+ Kc6
47. Ka4 Bd3 48. h4 h5 49. Ka5 g5 50. g3 Bc4 51. Na4 Kb7 52. Nc5+ Ka7 53. Nd7
gxh4 54. gxh4 Be2 55. Nxf6 Bf3 56. Nd7 Be2 57. f4 Bg4 58. Ne5 Bf5 59. Nc6+ Kb7
60. Ne7 Be6 61. f5 1-0

[Event "18sen.Bay.EM2006 Schney op"]
[Site "Schloss Schney (25.6.-3.7)"]
[Date "2006.06.29"]
[Round "5.10"]
[White "Schmidt, Walter(43)"]
[Black "Schurig, Wilhelm"]
[Result "0-1"]
[WhiteElo "1881"]
[BlackElo "2023"]
[PlyCount "100"]
[EventDate "2006.07.??"]
[Source "Ganslmayer"]
[SourceDate "2012.12.20"]

1. e4 g6 2. d4 Bg7 3. c4 d6 4. Nc3 Nc6 5. Be3 e5 6. d5 Nce7 7. Bd3 f5 8. f3 Nf6
9. Nge2 c6 10. O-O f4 11. Bf2 O-O 12. b4 cxd5 13. cxd5 g5 14. Rc1 g4 15. Nb5
gxf3 16. gxf3 Bh3 17. Kh1 Bxf1 18. Qxf1 Ng6 19. Nc7 Qd7 20. Bb5 Qe7 21. Nxa8
Rxa8 22. Ng1 a6 23. Ba4 b5 24. Bb3 Qd7 25. Qh3 Rd8 26. Rc6 Bf8 27. Qxd7 Rxd7
28. Rxa6 Be7 29. Rb6 Nh5 30. Rxb5 Rc7 31. Ne2 Bh4 32. Kg2 h6 33. Rb8+ Kh7 34.
Rd8 Bxd8 35. a4 Rb7 36. Be1 Nh4+ 37. Bxh4 Bxh4 38. b5 Bd8 39. Kf2 Bb6+ 40. Ke1
Ba5+ 41. Kd1 Nf6 42. Kc2 Nd7 43. Kd3 Nc5+ 44. Kc4 Nxb3 45. Kxb3 Rc7 46. b6 Rb7
47. Nc3 Bxc3 48. Kxc3 Rxb6 49. Kc4 Kg7 50. h4 Rb1 0-1

[Event "18sen.Bay.EM2006 Schney op"]
[Site "Schloss Schney (25.6.-3.7)"]
[Date "2006.06.29"]
[Round "5.11"]
[White "Reimann, Guenther(43)"]
[Black "Jaenig, Reinhard"]
[Result "1/2-1/2"]
[WhiteElo "1870"]
[BlackElo "2021"]
[PlyCount "94"]
[EventDate "2006.07.??"]
[Source "Ganslmayer"]
[SourceDate "2012.12.20"]

1. c4 c5 2. Nf3 Nc6 3. g3 e5 4. d3 g6 5. Bg2 Bg7 6. Nbd2 Nge7 7. O-O O-O 8. a3
h6 9. e3 d6 10. Qc2 Be6 11. Rb1 a5 12. b3 Qd7 13. Re1 Rad8 14. Bb2 Bh3 15. Rbd1
Bxg2 16. Kxg2 f5 17. h3 g5 18. e4 g4 19. hxg4 fxg4 20. Nh4 Rf7 21. Rh1 Rdf8 22.
Rdf1 Bf6 23. Qd1 Bg5 24. Bc3 Qe6 25. f3 Be3 26. Nf5 Nxf5 27. exf5 Qxf5 28. f4
exf4 29. gxf4 Bxd2 30. Qxd2 Rh7 31. Qe3 h5 32. Qe4 Qxe4+ 33. dxe4 Re8 34. Re1
Kf7 35. Kg3 b6 36. Rh2 Kg6 37. Rd2 Rd8 38. Rd5 h4+ 39. Kxg4 h3 40. Rh1 Ne7 41.
Rg5+ Kf7 42. Rxh3 Rxh3 43. Kxh3 Ng6 44. Kg3 Re8 45. Kf3 Rd8 46. Rd5 Ne7 47. Rd2
Ke6 1/2-1/2

[Event "18sen.Bay.EM2006 Schney op"]
[Site "Schloss Schney (25.6.-3.7)"]
[Date "2006.06.29"]
[Round "5.12"]
[White "Dohmel, Wolfgang(39)++"]
[Black "Petzold, Hans ProfDr(36)"]
[Result "1/2-1/2"]
[WhiteElo "1770"]
[BlackElo "2023"]
[PlyCount "50"]
[EventDate "2006.07.??"]
[Source "Ganslmayer"]
[SourceDate "2012.12.20"]

1. d4 e6 2. e3 f5 3. f4 Nf6 4. Nf3 b6 5. Bd3 Be7 6. O-O O-O 7. Bd2 Bb7 8. Qe2
Qe8 9. Be1 d6 10. Nbd2 Ne4 11. c3 Nd7 12. Ba6 Bxa6 13. Qxa6 Ndf6 14. Qc4 Qd7
15. Bh4 Ng4 16. Qe2 Nxd2 17. Qxd2 Rae8 18. Bxe7 Qxe7 19. Rae1 Nf6 20. Qd1 Qd7
21. Qc2 Kh8 22. Nd2 d5 23. Nf3 c5 24. Ne5 Qc7 25. Qe2 g6 1/2-1/2

[Event "18sen.Bay.EM2006 Schney op"]
[Site "Schloss Schney (25.6.-3.7)"]
[Date "2006.06.29"]
[Round "5.13"]
[White "Pietruske, Siegfried"]
[Black "Hamm, Georg Dr"]
[Result "1-0"]
[WhiteElo "1819"]
[BlackElo "1950"]
[PlyCount "145"]
[EventDate "2006.07.??"]
[Source "Ganslmayer"]
[SourceDate "2012.12.20"]

1. e4 g6 2. d4 Bg7 3. Nc3 d6 4. f3 Nc6 5. Be3 Bd7 6. Qd2 a6 7. a3 b5 8. b4 e6
9. Nge2 Nf6 10. Ng3 Qe7 11. Be2 e5 12. d5 Nd4 13. Bd3 h5 14. h4 c6 15. dxc6
Bxc6 16. Nce2 Ne6 17. c4 O-O 18. Nc3 Nd4 19. Rb1 Qb7 20. Nge2 bxc4 21. Bxc4 d5
22. Nxd5 Bxd5 23. exd5 Nxd5 24. Bxd5 Qxd5 25. O-O Rfd8 26. Rfd1 Rac8 27. f4 Qc4
28. Kf2 Ne6 29. Qc1 Rxd1 30. Qxc4 Rxc4 31. Rxd1 exf4 32. Bc1 Be5 33. Rd5 f6 34.
Ra5 Nd4 35. Bxf4 Rc2 36. Bxe5 Rxe2+ 37. Kf1 Rxe5 38. Rxa6 Kf7 39. a4 Re6 40.
Ra7+ Re7 41. Ra6 Rb7 42. b5 Ke7 43. Kf2 Ne6 44. Ke3 Kd7 45. Ra8 Kd6 46. Rg8 Rg7
47. Ra8 Rb7 48. Rg8 g5 49. g3 gxh4 50. gxh4 Ra7 51. b6 Rg7 52. Rh8 Kc6 53. a5
Rf7 54. Rxh5 Ng7 55. Rh8 f5 56. h5 f4+ 57. Kf3 Ne6 58. Rh6 Re7 59. Rg6 Kb7 60.
h6 Ka6 61. Kg4 Kxa5 62. b7 Rxb7 63. Rxe6 Rf7 64. Kf3 Kb5 65. Rg6 Kc5 66. Rg7
Rf8 67. h7 Rh8 68. Kxf4 Kd6 69. Kf5 Rf8+ 70. Kg6 Ke6 71. Rg8 Rf6+ 72. Kg7 Rf7+
73. Kh6 1-0

[Event "18sen.Bay.EM2006 Schney op"]
[Site "Schloss Schney (25.6.-3.7)"]
[Date "2006.06.29"]
[Round "5.14"]
[White "Claus, Joachim"]
[Black "Kraft, Hans(32)"]
[Result "0-1"]
[WhiteElo "1765"]
[BlackElo "1981"]
[PlyCount "58"]
[EventDate "2006.07.??"]
[Source "Ganslmayer"]
[SourceDate "2012.12.20"]

1. b4 e5 2. Bb2 Bxb4 3. Bxe5 Nf6 4. Nf3 Nc6 5. Bc3 a5 6. e3 O-O 7. a3 Bxc3 8.
Nxc3 d5 9. g3 Bg4 10. Bg2 Ne4 11. Ne2 Qf6 12. Neg1 Ne5 13. h3 Bd7 14. Rh2 Nc4
15. Bh1 Ba4 16. Ra2 Qd6 17. Ne2 Nxa3 18. Qc1 Nxc2+ 19. Rxc2 Bxc2 20. Qxc2 a4
21. Nc1 b5 22. Nd4 b4 23. Bxe4 dxe4 24. Qxe4 c5 25. Nc2 c4 26. Qxc4 Rfc8 27.
Qa2 Qc5 28. Kd1 Qb5 29. Ke1 b3 0-1

[Event "18sen.Bay.EM2006 Schney op"]
[Site "Schloss Schney (25.6.-3.7)"]
[Date "2006.06.29"]
[Round "5.15"]
[White "Mueller, Helmut(05.35)++"]
[Black "Gerdes, Hans"]
[Result "1-0"]
[WhiteElo "1850"]
[BlackElo "1692"]
[PlyCount "141"]
[EventDate "2006.07.??"]
[Source "Ganslmayer"]
[SourceDate "2012.12.20"]

1. Nf3 f5 2. d4 Nf6 3. c4 g6 4. Nc3 Bg7 5. g3 d6 6. Bg2 c6 7. O-O O-O 8. Qc2 e6
9. Bg5 h6 10. Bd2 Qe7 11. Rae1 d5 12. Ne5 Kh7 13. cxd5 exd5 14. e3 Nbd7 15. f4
Nxe5 16. fxe5 Ne4 17. Nxe4 dxe4 18. Rc1 Be6 19. a3 Rfd8 20. Ba5 Rdc8 21. Bb4
Qd7 22. Bd6 Bf8 23. Bxf8 Rxf8 24. b4 Qe7 25. Qc5 Qd7 26. Bxe4 b6 27. Bxc6 bxc5
28. Bxd7 Bxd7 29. Rxc5 Rfc8 30. d5 Kg7 31. e6 Rxc5 32. bxc5 Bb5 33. Rd1 Kf6 34.
Rd4 Ke7 35. Rb4 Ba6 36. e4 fxe4 37. Rxe4 Bb7 38. d6+ Kf6 39. Rb4 Bc6 40. e7 Ke6
41. Rf4 a5 42. Kf2 Kd5 43. Rf8 Re8 44. Rf6 Kxc5 45. Rxg6 Rh8 46. Rf6 Re8 47.
Rxh6 a4 48. Ke3 Kc4 49. Rf6 Kb3 50. Kd4 Kxa3 51. Kc3 Bd7 52. Rf8 Ka2 53. Kb4
Kb2 54. Rf2+ Kc1 55. Rf8 Kd2 56. h4 Kc2 57. h5 Kb2 58. Rf2+ Kb1 59. Rf8 Kb2 60.
h6 a3 61. Rf2+ Kc1 62. Kxa3 Rh8 63. Rh2 Kd1 64. Kb4 Ke1 65. Kc5 Kf1 66. h7 Kg1
67. Rh6 Kg2 68. g4 Rc8+ 69. Kd4 Rh8 70. g5 Bf5 71. g6 1-0

[Event "18sen.Bay.EM2006 Schney op"]
[Site "Schloss Schney (25.6.-3.7)"]
[Date "2006.06.29"]
[Round "5.17"]
[White "Stadler, Lothar"]
[Black "Weschke, Wolfgang++"]
[Result "0-1"]
[WhiteElo "1790"]
[BlackElo "2114"]
[PlyCount "78"]
[EventDate "2006.07.??"]
[Source "Ganslmayer"]
[SourceDate "2012.12.20"]

1. c4 Nf6 2. Nc3 d5 3. cxd5 Nxd5 4. e4 Nxc3 5. bxc3 e6 6. Nf3 c5 7. Bc4 Be7 8.
O-O O-O 9. Qe2 b6 10. Bb2 Bb7 11. Rfe1 Qc8 12. Ne5 Bd6 13. Ng4 Qc7 14. e5 Be7
15. Bd3 Nd7 16. Qe3 Rfd8 17. Qh3 Nf8 18. c4 Ng6 19. Re3 Bg5 20. Bxg6 hxg6 21.
Nf6+ gxf6 22. exf6 Qf4 23. g3 Qf5 24. g4 Qc2 25. Bc3 Ba6 26. Qg3 Bxc4 27. f4
Bh6 28. g5 Bf8 29. Qh4 Rd3 30. Rae1 Re8 31. f5 Rxe3 32. Rxe3 Bd5 33. fxe6 Bxe6
34. Qe1 Qf5 35. Rg3 c4 36. d4 cxd3 37. Bb4 Bxb4 38. Qxb4 Qc5+ 39. Qxc5 bxc5 0-1

[Event "18sen.Bay.EM2006 Schney op"]
[Site "Schloss Schney (25.6.-3.7)"]
[Date "2006.06.29"]
[Round "5.18"]
[White "Aigner, Georg"]
[Black "Schmidt, Wolfgang(38)"]
[Result "1-0"]
[WhiteElo "1736"]
[BlackElo "1627"]
[PlyCount "71"]
[EventDate "2006.07.??"]
[Source "Ganslmayer"]
[SourceDate "2012.12.20"]

1. e4 c6 2. d4 d5 3. e5 Bf5 4. Bd3 Bxd3 5. Qxd3 e6 6. Nf3 h6 7. O-O Ne7 8. Nc3
Ng6 9. Ne2 Be7 10. Ng3 h5 11. Ne2 Nd7 12. Be3 Nh4 13. Nxh4 Bxh4 14. f4 g6 15.
Kh1 Be7 16. Ng1 Qc7 17. Nf3 Nf8 18. Ng5 Bxg5 19. fxg5 Nh7 20. h4 Qe7 21. Bd2
Nf8 22. Rf2 Nd7 23. Raf1 Rf8 24. Qb3 b6 25. Qa4 c5 26. Qc6 Qd8 27. dxc5 bxc5
28. b4 Rc8 29. Qa4 Qb6 30. Rxf7 Rxf7 31. Rxf7 Qc7 32. Rh7 Rd8 33. bxc5 Qxe5 34.
c6 Qa1+ 35. Kh2 Nb6 36. Qf4 1-0

[Event "18sen.Bay.EM2006 Schney op"]
[Site "Schloss Schney (25.6.-3.7)"]
[Date "2006.06.29"]
[Round "5.19"]
[White "Baumann, Walter(27)"]
[Black "Reer, Erdmann"]
[Result "0-1"]
[WhiteElo "1701"]
[BlackElo "1884"]
[PlyCount "68"]
[EventDate "2006.07.??"]
[Source "Ganslmayer"]
[SourceDate "2012.12.20"]

1. d4 d5 2. Nf3 Nf6 3. c4 c6 4. cxd5 cxd5 5. Nc3 e6 6. Bg5 Be7 7. Rc1 O-O 8. e3
h6 9. Bh4 Nc6 10. Bd3 b6 11. O-O Bb7 12. Qe2 Nb4 13. Bb5 a6 14. Ba4 b5 15. Bb3
Nc6 16. a3 Rc8 17. Rc2 Re8 18. Rfc1 Qb6 19. Ne5 Na5 20. Ba2 Nc4 21. Bxf6 Bxf6
22. Nd7 Qd8 23. Nc5 Rb8 24. Nb1 Be7 25. b3 Nd6 26. a4 Bc8 27. Nd2 Qb6 28. Nf3
f6 29. Nh4 Nb7 30. axb5 axb5 31. b4 Nd6 32. Ng6 Ne4 33. Nf4 Qc6 34. Qg4 Bxc5
0-1

[Event "18sen.Bay.EM2006 Schney op"]
[Site "Schloss Schney (25.6.-3.7)"]
[Date "2006.06.29"]
[Round "5.20"]
[White "Krafzik, Joachim"]
[Black "Harke, Horst"]
[Result "1-0"]
[WhiteElo "1841"]
[BlackElo "1666"]
[PlyCount "93"]
[EventDate "2006.07.??"]
[Source "Ganslmayer"]
[SourceDate "2012.12.20"]

1. b4 e6 2. Bb2 b6 3. e3 Bb7 4. Nf3 Nf6 5. b5 c6 6. c4 d5 7. a4 Nbd7 8. Be2 Rc8
9. O-O cxb5 10. cxb5 Bd6 11. d4 O-O 12. Nbd2 Re8 13. Qb3 Ne4 14. Rac1 Nxd2 15.
Nxd2 Nf6 16. Rxc8 Qxc8 17. Rc1 Qb8 18. h3 Rc8 19. Rxc8+ Qxc8 20. Qc3 Qxc3 21.
Bxc3 Ne4 22. Nxe4 dxe4 23. a5 bxa5 24. Bxa5 Bd5 25. Kf1 Kf8 26. Ke1 Ke8 27. Kd2
Kd7 28. Kc3 g6 29. Bb4 Bxb4+ 30. Kxb4 Kc7 31. Kc5 Bb7 32. f3 exf3 33. gxf3 f5
34. h4 h6 35. f4 Kd7 36. Bc4 Bc8 37. d5 exd5 38. Bxd5 Ke7 39. Bg8 Bd7 40. Bd5
h5 41. Bb7 Ke6 42. Bc6 Bc8 43. Be8 Kf6 44. Kd6 a5 45. b6 Ba6 46. Kc7 Ke7 47.
Bb5 1-0

[Event "18sen.Bay.EM2006 Schney op"]
[Site "Schloss Schney (25.6.-3.7)"]
[Date "2006.06.29"]
[Round "5.21"]
[White "Neumeister, Herbert Dr"]
[Black "Kurz, Leonhard"]
[Result "1/2-1/2"]
[WhiteElo "1753"]
[BlackElo "1634"]
[PlyCount "56"]
[EventDate "2006.07.??"]
[Source "Ganslmayer"]
[SourceDate "2012.12.20"]

1. d4 d5 2. Nf3 Nf6 3. e3 c6 4. Bd3 g6 5. O-O Bg7 6. Nbd2 O-O 7. c3 Nbd7 8. Qe2
Qc7 9. e4 dxe4 10. Nxe4 Nxe4 11. Qxe4 Nf6 12. Qh4 Nh5 13. Re1 Re8 14. Ne5 Qd6
15. g4 Bxe5 16. Rxe5 Ng7 17. Bh6 Be6 18. b3 Rac8 19. b4 b6 20. Rae1 Rc7 21. f4
Bxa2 22. f5 f6 23. Bxg7 Kxg7 24. fxg6 hxg6 25. R5e2 Bf7 26. g5 Rh8 27. gxf6+
exf6 28. Qg4 Rh5 1/2-1/2

[Event "18sen.Bay.EM2006 Schney op"]
[Site "Schloss Schney (25.6.-3.7)"]
[Date "2006.06.29"]
[Round "5.22"]
[White "Scheuerlein, Gerhard"]
[Black "Reichwald, Klaus"]
[Result "1/2-1/2"]
[WhiteElo "1684"]
[BlackElo "1749"]
[PlyCount "27"]
[EventDate "2006.07.??"]
[Source "Ganslmayer"]
[SourceDate "2012.12.20"]

1. Nf3 d5 2. c4 c6 3. cxd5 cxd5 4. d4 Nf6 5. h3 Nc6 6. Nc3 e6 7. e3 a6 8. a3
Bd6 9. Bd3 O-O 10. O-O Bd7 11. Bd2 Rc8 12. Rc1 b5 13. b4 Qe7 14. e4 1/2-1/2

[Event "18sen.Bay.EM2006 Schney op"]
[Site "Schloss Schney (25.6.-3.7)"]
[Date "2006.06.29"]
[Round "5.23"]
[White "Erler, Klaus-Juergen"]
[Black "Theuermeister, Peter"]
[Result "0-1"]
[WhiteElo "1627"]
[BlackElo "1752"]
[PlyCount "43"]
[EventDate "2006.07.??"]
[Source "Ganslmayer"]
[SourceDate "2012.12.20"]

1. c4 Nf6 2. Nc3 g6 3. d4 d5 4. cxd5 Nxd5 5. e4 Nxc3 6. bxc3 Bg7 7. Be3 c5 8.
Qd2 O-O 9. Nf3 Qa5 10. Rb1 a6 11. Be2 Nc6 12. O-O Rd8 13. Qb2 b5 14. a3 Bg4 15.
Rfd1 Bxf3 16. Bxf3 cxd4 17. cxd4 Rac8 18. Bd2 Qb6 19. Bc3 Nxd4 20. Bg4 Rxc3 21.
Rxd4 Bxd4 22. Rd1 0-1

[Event "18sen.Bay.EM2006 Schney op"]
[Site "Schloss Schney (25.6.-3.7)"]
[Date "2006.06.29"]
[Round "5.24"]
[White "Fels, Karl-Heinz"]
[Black "Banfelder, Herbert"]
[Result "1/2-1/2"]
[WhiteElo "1766"]
[BlackElo "1607"]
[PlyCount "89"]
[EventDate "2006.07.??"]
[Source "Ganslmayer"]
[SourceDate "2012.12.20"]

1. e4 c6 2. d4 d5 3. exd5 cxd5 4. c4 Nf6 5. Nc3 e6 6. c5 Nc6 7. Bb5 Be7 8. Nf3
a6 9. Bxc6+ bxc6 10. Ne5 Bb7 11. O-O O-O 12. Bf4 Nd7 13. Re1 Nxe5 14. Bxe5 f6
15. Bg3 e5 16. Na4 Qa5 17. a3 Rae8 18. b4 Qb5 19. dxe5 f5 20. f4 Bc8 21. Bf2
Be6 22. g3 Bd8 23. Rb1 Rf7 24. Bd4 Rb7 25. Nc3 Qc4 26. Qd2 a5 27. bxa5 Rxb1 28.
Rxb1 Bxa5 29. Kf2 Ra8 30. Ra1 Rb8 31. Rc1 Rb3 32. Ke3 Rxa3 33. Qd3 Bxc3 34.
Rxc3 Rxc3 35. Qxc3 Qxc3+ 36. Bxc3 Kf8 37. Ba5 Ke7 38. Kd4 h5 39. h4 Kd7 40. Kc3
Kc8 41. Kd4 Kb7 42. Be1 Ka6 43. Bf2 Kb5 44. Kc3 Ka4 45. Bd4 1/2-1/2

[Event "18sen.Bay.EM2006 Schney op"]
[Site "Schloss Schney (25.6.-3.7)"]
[Date "2006.06.29"]
[Round "5.25"]
[White "Schnurr, Anton"]
[Black "Mahrla, Hans Dr"]
[Result "1/2-1/2"]
[WhiteElo "1697"]
[BlackElo "1678"]
[PlyCount "78"]
[EventDate "2006.07.??"]
[Source "Ganslmayer"]
[SourceDate "2012.12.20"]

1. d4 Nf6 2. c3 d5 3. e3 e6 4. Be2 c5 5. Nd2 cxd4 6. cxd4 Bd6 7. f4 Bd7 8. g4
h6 9. Nh3 Ne4 10. Nxe4 dxe4 11. Nf2 Bc6 12. Bd2 Nd7 13. Rc1 Bd5 14. a3 a6 15.
Bc4 Rc8 16. Bxd5 exd5 17. Rxc8 Qxc8 18. Qb3 Qc6 19. O-O b5 20. Rc1 Qb7 21. Ba5
O-O 22. Qc2 Qb8 23. Bc7 Bxc7 24. Qxc7 Qxc7 25. Rxc7 Nb6 26. b3 Rc8 27. Rc5 Kf8
28. Rxc8+ Nxc8 29. Kf1 Ke7 30. Nd1 Na7 31. Nb2 Kd6 32. Ke1 Nc6 33. Kd2 a5 34.
a4 b4 35. Ke2 Ke6 36. Nd1 g6 37. Nf2 Ne7 38. Kf1 f5 39. h3 h5 1/2-1/2

[Event "18sen.Bay.EM2006 Schney op"]
[Site "Schloss Schney (25.6.-3.7)"]
[Date "2006.06.29"]
[Round "5.26"]
[White "Kude, Klaus-Peter"]
[Black "Van Bellen, Henk Dr"]
[Result "1-0"]
[WhiteElo "1757"]
[BlackElo "1731"]
[PlyCount "57"]
[EventDate "2006.07.??"]
[Source "Ganslmayer"]
[SourceDate "2012.12.20"]

1. e4 d6 2. d4 Nf6 3. Nc3 Nbd7 4. Nf3 e5 5. Bc4 h6 6. a3 a5 7. O-O Be7 8. h3 c6
9. dxe5 dxe5 10. Re1 Qc7 11. Bd2 Nf8 12. Nh4 g6 13. f4 Nh5 14. Bxf7+ Kxf7 15.
Nxg6 Bc5+ 16. Kh2 Nxg6 17. Qxh5 Kg7 18. f5 Qf7 19. fxg6 Qxg6 20. Qxe5+ Qf6 21.
Qxc5 b6 22. Qh5 Qd6+ 23. Kh1 Qxd2 24. Qe5+ Kh7 25. Rf1 Ra7 26. Rad1 Qxc2 27.
Rf6 Rg8 28. g4 Rag7 29. Rxh6+ 1-0

[Event "18sen.Bay.EM2006 Schney op"]
[Site "Schloss Schney (25.6.-3.7)"]
[Date "2006.06.29"]
[Round "5.27"]
[White "Narr, Irmgard"]
[Black "Wolf, Reinhard(37)"]
[Result "0-1"]
[WhiteElo "1513"]
[BlackElo "1698"]
[PlyCount "90"]
[EventDate "2006.07.??"]
[Source "Ganslmayer"]
[SourceDate "2012.12.20"]

1. e4 c5 2. Nf3 a6 3. Nc3 Nc6 4. d4 cxd4 5. Nxd4 e5 6. Nf3 Nf6 7. Bg5 Bb4 8.
Qd3 O-O 9. a3 Bxc3+ 10. bxc3 h6 11. Bh4 Qe7 12. Be2 Rd8 13. O-O d6 14. Rfd1 Be6
15. Nd2 g5 16. Bg3 d5 17. exd5 Nxd5 18. Qf3 f5 19. h3 Kg7 20. c4 Nd4 21. Bxe5+
Nf6 22. Bxf6+ Kxf6 23. Qc3 Kg6 24. Bd3 Rac8 25. Re1 Qf6 26. Qb4 Rd7 27. c3 Nc6
28. Qb1 Rcd8 29. Re3 Ne5 30. Rxe5 Qxe5 31. Nf3 Qxc3 32. Bc2 Kf6 33. Ba4 Rd3 34.
Bc2 Rxf3 35. gxf3 Qxf3 36. Qb2+ Kf7 37. Qe5 Rd2 38. Qc7+ Kg6 39. Bxf5+ Qxf5 40.
Qb6 Re2 41. Kf1 Re4 42. f3 Qxf3+ 43. Kg1 Re2 44. Qb1+ Kh5 45. Qf1 Qg3+ 0-1

[Event "18sen.Bay.EM2006 Schney op"]
[Site "Schloss Schney (25.6.-3.7)"]
[Date "2006.06.29"]
[Round "5.28"]
[White "Fritsch, Wolfgang(36)"]
[Black "Kunert, Helmut"]
[Result "0-1"]
[WhiteElo "1729"]
[BlackElo "1480"]
[PlyCount "126"]
[EventDate "2006.07.??"]
[Source "Ganslmayer"]
[SourceDate "2012.12.20"]

1. e4 c5 2. Nf3 Nc6 3. d4 cxd4 4. Nxd4 a6 5. c4 e5 6. Nc2 Nf6 7. Nc3 Bc5 8. Be3
Bxe3 9. Nxe3 d6 10. Be2 O-O 11. O-O Be6 12. Qd2 Nd4 13. Nc2 Nxe2+ 14. Qxe2 Rc8
15. Ne3 Qb6 16. Rfd1 Rfd8 17. b3 Qa5 18. Ncd5 Bxd5 19. Nxd5 Nxd5 20. Rxd5 Rc5
21. Rad1 Rxd5 22. Rxd5 Qc7 23. Qd2 b6 24. g3 g6 25. Kg2 Kg7 26. g4 Qe7 27. f3
h6 28. Qb4 Qc7 29. Qd2 Qe7 30. Qe3 Qc7 31. h4 b5 32. cxb5 axb5 33. Qd2 Qc6 34.
Qb4 Qc2+ 35. Qd2 Qxd2+ 36. Rxd2 Ra8 37. Kf2 Kf8 38. Ke2 Ke7 39. Rc2 Kd7 40. Kd1
Ke6 41. Kc1 f5 42. Kb2 fxg4 43. fxg4 Rf8 44. g5 h5 45. a4 bxa4 46. bxa4 Rf4 47.
Kb3 Rxe4 48. a5 Rf4 49. a6 Rf7 50. Kb4 e4 51. Kb5 d5 52. Kb6 d4 53. a7 Rxa7 54.
Kxa7 d3 55. Rd2 Kd5 56. Kb6 Kd4 57. Ra2 e3 58. Ra4+ Kc3 59. Ra3+ Kd2 60. Ra2+
Ke1 61. Ra3 Ke2 62. Kc5 d2 63. Ra2 Ke1 0-1

[Event "18sen.Bay.EM2006 Schney op"]
[Site "Schloss Schney (25.6.-3.7)"]
[Date "2006.06.29"]
[Round "5.29"]
[White "Ludwig, Ines"]
[Black "Geisensetter, Kurt"]
[Result "1-0"]
[WhiteElo "1510"]
[BlackElo "1644"]
[PlyCount "97"]
[EventDate "2006.07.??"]
[Source "Ganslmayer"]
[SourceDate "2012.12.20"]

1. d4 Nf6 2. e3 e6 3. Bd3 d5 4. Nd2 c6 5. f4 Be7 6. Ngf3 Nbd7 7. O-O O-O 8. Ne5
c5 9. c3 Bd6 10. Rf3 Re8 11. Rh3 Nf8 12. g4 Bxe5 13. fxe5 N6d7 14. Nf3 Ng6 15.
Qe1 Ndf8 16. Qg3 Bd7 17. g5 Rc8 18. Bd2 b5 19. Nh4 a6 20. Nxg6 fxg6 21. Rf1 Re7
22. Qh4 Be8 23. Rxf8+ Kxf8 24. Qxh7 Rf7 25. Bxg6 Qxg5+ 26. Rg3 Qh6 27. Qxh6
gxh6 28. Bxf7 Bxf7 29. Rg4 c4 30. e4 a5 31. Bxh6+ Ke7 32. Bg5+ Ke8 33. Rf4 Rc7
34. exd5 exd5 35. Rf6 Ra7 36. Rd6 Kf8 37. e6 Be8 38. Rxd5 Rc7 39. Rf5+ Kg7 40.
h4 Rc6 41. d5 Rd6 42. Bf4 Rd8 43. d6 Kg6 44. Rf8 Kg7 45. e7 Rc8 46. Be5+ Kg6
47. d7 Bxd7 48. Rxc8 Bxc8 49. e8=Q+ 1-0

[Event "18sen.Bay.EM2006 Schney op"]
[Site "Schloss Schney (25.6.-3.7)"]
[Date "2006.06.29"]
[Round "5.30"]
[White "Porkristl, Werner"]
[Black "Reichenbacher, Gerhard"]
[Result "1-0"]
[WhiteElo "1635"]
[BlackElo "1716"]
[PlyCount "25"]
[EventDate "2006.07.??"]
[Source "Ganslmayer"]
[SourceDate "2012.12.20"]

1. Nc3 c5 2. e3 g6 3. Nge2 Bg7 4. Ng3 Nc6 5. Be2 Nf6 6. d3 O-O 7. O-O d5 8. Bd2
e5 9. Qc1 Be6 10. e4 d4 11. Nd1 Nd7 12. Bh6 Qh4 13. Bg5 1-0

[Event "18sen.Bay.EM2006 Schney op"]
[Site "Schloss Schney (25.6.-3.7)"]
[Date "2006.06.29"]
[Round "5.31"]
[White "Weczerek, Franz"]
[Black "Van Houten, Henk"]
[Result "1-0"]
[WhiteElo "1706"]
[BlackElo "1597"]
[PlyCount "78"]
[EventDate "2006.07.??"]
[Source "Ganslmayer"]
[SourceDate "2012.12.20"]

1. d4 d5 2. e3 c6 3. Bd3 Nf6 4. Ne2 Nbd7 5. c4 g6 6. Nbc3 Bg7 7. Ng3 e5 8. cxd5
Nxd5 9. Nxd5 cxd5 10. dxe5 Bxe5 11. Qb3 Nb6 12. Bd2 O-O 13. Bc3 Bxc3+ 14. Qxc3
Be6 15. O-O Qd7 16. b3 Rfc8 17. Qd4 f5 18. h4 Qg7 19. Qxg7+ Kxg7 20. Rac1 Nd7
21. Ne2 Ne5 22. Bb1 Kf6 23. Nd4 Rxc1 24. Rxc1 Rc8 25. Rxc8 Bxc8 26. Nb5 Nc6 27.
Kf1 b6 28. Ke1 Ba6 29. Nc7 Nb4 30. a3 Bd3 31. Nxd5+ Nxd5 32. Bxd3 f4 33. Bc4
Ne7 34. exf4 Kf5 35. g3 Ke4 36. Kd2 Kd4 37. Be6 Nc6 38. g4 Kc5 39. b4+ Kb5 1-0